[Event "Bundesliga 2122"]
[Site "Germany"]
[Date "2022.05.29"]
[Round "10.6"]
[White "Schnider, Gert"]
[Black "Naiditsch, Arkadij"]
[Result "1/2-1/2"]
[WhiteElo "2402"]
[BlackElo "2648"]
[PlyCount "87"]
[EventDate "2022.03.05"]
[EventType "team-tourn"]
[EventRounds "15"]
[EventCountry "GER"]
[SourceTitle "EXT 2023"]
[Source "ChessBase"]
[SourceDate "2022.10.05"]
[SourceVersion "1"]
[SourceVersionDate "2022.10.05"]
[SourceQuality "1"]
[WhiteTeam "Muenchen 36"]
[BlackTeam "Baden-Baden"]
[WhiteTeamCountry "GER"]
[BlackTeamCountry "GER"]

1. e4 e5 2. Nf3 Nc6 3. Nc3 Nf6 4. d4 exd4 5. Nxd4 Bb4 6. Nxc6 bxc6 7. Bd3 0-0 8. 0-0 Re8 9. Re1 d5 10. exd5 Rxe1+ 11. Qxe1 cxd5 12. Bg5 Be6 13. Bxf6 gxf6 14. Qe3 Bf8 15. Ne2 Qd6 16. Nf4 Bh6 17. Qg3+ Kh8 18. Nh3 Qb4 19. Rb1 Rg8 20. Qf3 Qd4 21. Qh5 Kg7 22. Kh1 c5 23. b3 Re8 24. Bf5 Bxf5 25. Qxf5 Re5 26. Qf3 f5 27. Qg3+ Kf8 28. Ng1 Re6 29. h3 Rg6 30. Qf3 Qe4 31. Rd1 d4 32. Rd3 Bf4 33. c3 Be5 34. cxd4 cxd4 35. Rd2 Re6 36. Re2 Qb1 37. Qd5 Bf6 38. Rxe6 fxe6 39. Qxe6 Kg7 40. Qd7+ Kg6 41. Qe8+ Kg7 42. Qd7+ Kg6 43. Qe8+ Kg7 44. Qd7+ 1/2-1/2

[Event "Prague Summer op 7th"]
[Site "Prague"]
[Date "2020.08.14"]
[Round "8"]
[White "Toman, Ondrej"]
[Black "Schnider, Gert"]
[Result "1/2-1/2"]
[WhiteElo "2233"]
[BlackElo "2427"]
[PlyCount "90"]
[EventDate "2020.08.08"]
[EventType "swiss"]
[EventRounds "9"]
[EventCountry "CZE"]
[SourceTitle "CBM 197 Extra"]
[Source "ChessBase"]
[SourceDate "2020.09.30"]
[SourceVersion "1"]
[SourceVersionDate "2020.09.30"]
[SourceQuality "1"]

1. d4 Nf6 2. Bf4 g6 3. Nc3 d5 4. e3 Bg7 5. h4 h5 6. Nf3 0-0 7. Be2 c5 8. Qd2 Qa5 9. 0-0 Nc6 10. Rfd1 cxd4 11. exd4 Bf5 12. Ne5 Rac8 13. a3 Qd8 14. Nxc6 Rxc6 15. Be5 Kh7 16. Bd3 Bxd3 17. Qxd3 Qd7 18. Qf3 Rd8 19. Rd3 Kg8 20. Re1 Rb6 21. Rb1 Bh6 22. Bf4 Bf8 23. Qe2 Rc8 24. f3 Ne8 25. Nd1 Nc7 26. Bxc7 Rxc7 27. c3 Bh6 28. Nf2 Bf4 29. Nh1 Qf5 30. Rbd1 Re6 31. Qf2 Qf6 32. g3 Bd6 33. f4 Qf5 34. Qf3 Rc6 35. Nf2 Bc7 36. R3d2 Bb6 37. Kf1 Rc8 38. Re2 Rxe2 39. Qxe2 e6 40. Kg2 Qf6 41. Qb5 Qd8 42. Re1 Kg7 43. Nd3 Qe8 44. Qb3 Qd8 45. Re2 Rc7 1/2-1/2

[Event "Prague Summer op 7th"]
[Site "Prague"]
[Date "2020.08.11"]
[Round "5"]
[White "Schnider, Gert"]
[Black "Soural, Jan"]
[Result "1/2-1/2"]
[WhiteElo "2427"]
[BlackElo "2234"]
[PlyCount "55"]
[EventDate "2020.08.08"]
[EventType "swiss"]
[EventRounds "9"]
[EventCountry "CZE"]
[SourceTitle "CBM 197 Extra"]
[Source "ChessBase"]
[SourceDate "2020.09.30"]
[SourceVersion "1"]
[SourceVersionDate "2020.09.30"]
[SourceQuality "1"]

1. c4 Nf6 2. Nc3 d5 3. cxd5 Nxd5 4. g3 g6 5. Bg2 Nb6 6. Nf3 Bg7 7. 0-0 Nc6 8. d3 0-0 9. Be3 e5 10. Rc1 Nd4 11. Qd2 c6 12. Bg5 f6 13. Bh6 Bxh6 14. Qxh6 Bg4 15. Qe3 Re8 16. Rfe1 Kg7 17. Nd2 Qe7 18. h3 Bd7 19. Nf3 Qb4 20. b3 Rad8 21. Kh2 a5 22. Ne4 Bf5 23. Nc3 Bc8 24. Red1 Nf5 25. Qe4 Nd4 26. Qe3 Nf5 27. Qe4 Nd4 28. Qe3 1/2-1/2

[Event "Ceske Budejovice op-A"]
[Site "Ceske Budejovice"]
[Date "2020.07.04"]
[Round "4"]
[White "Schnider, Gert"]
[Black "Miesbauer, Jan"]
[Result "1/2-1/2"]
[WhiteElo "2423"]
[BlackElo "2392"]
[PlyCount "85"]
[EventDate "2020.07.01"]
[EventType "swiss"]
[EventRounds "9"]
[EventCountry "CZE"]
[SourceTitle "CBM 197 Extra"]
[Source "ChessBase"]
[SourceDate "2020.09.30"]
[SourceVersion "1"]
[SourceVersionDate "2020.09.30"]
[SourceQuality "1"]

1. e4 c5 2. Nf3 Nc6 3. d4 cxd4 4. Nxd4 Qb6 5. Nb3 Nf6 6. Nc3 e6 7. a3 a6 8. Bf4 h5 9. h3 h4 10. Qd2 e5 11. Bg5 d6 12. Bc4 Be6 13. Bxe6 fxe6 14. 0-0-0 Be7 15. Kb1 Rc8 16. f4 exf4 17. Bxf4 Ne5 18. Bxe5 dxe5 19. Qg5 Kf7 20. Rhf1 Qc7 21. Rf3 Kg8 22. Qe3 b5 23. g3 b4 24. axb4 Bxb4 25. Qe2 Qc6 26. Rg1 Nh5 27. gxh4 Nf4 28. Qd1 a5 29. Na2 Rxh4 30. Rfg3 Rh7 31. h4 Qxe4 32. Qd7 Qxc2+ 33. Ka1 g6 34. Rxg6+ Nxg6 35. Qxe6+ Kh8 36. Rc1 Qxc1+ 37. Nbxc1 Rg8 38. Qf6+ Rgg7 39. Nxb4 axb4 40. Qd8+ Rg8 41. Qf6+ Rgg7 42. Qd8+ Rg8 43. Qf6+ 1/2-1/2

[Event "AUT-ch Vor2 Internet"]
[Site "Playchess.com INT"]
[Date "2020.04.13"]
[Round "8"]
[White "Schnider, Gert"]
[Black "Rosol, Philip"]
[Result "1-0"]
[WhiteElo "2423"]
[BlackElo "1468"]
[PlyCount "87"]
[EventDate "2020.04.13"]
[EventType "swiss (blitz)"]
[EventRounds "9"]
[EventCountry "AUT"]
[SourceTitle "CBM 195 Extra"]
[Source "ChessBase"]
[SourceDate "2020.05.31"]
[SourceVersion "1"]
[SourceVersionDate "2020.05.31"]
[SourceQuality "1"]

1. e4 d6 2. d4 Nf6 3. Nc3 e5 4. Nf3 Nbd7 5. Bc4 Be7 6. 0-0 0-0 7. Re1 h6 8. a4 a5 9. h3 c6 10. Be3 Qc7 11. Qd2 exd4 12. Nxd4 Ne5 13. Bb3 Bd7 14. Rad1 Ng6 15. Bxh6 gxh6 16. Qxh6 Rfe8 17. Qxg6+ Kh8 18. Bxf7 Rf8 19. Qh6+ Nh7 20. Bg6 Rf7 21. Bxf7 Be8 22. Ne6 Bf8 23. Nxc7 Bxh6 24. Nxa8 Bxf7 25. Rxd6 Bf8 26. Rd8 Kg7 27. e5 Ng5 28. Rd7 Ne6 29. Rxb7 Bb4 30. Nc7 Nxc7 31. Rxc7 Bxc3 32. bxc3 Kg6 33. e6 Be8 34. e7 Kf7 35. g4 Kf6 36. f4 Kf7 37. Re5 Kf6 38. h4 Kf7 39. h5 Kg7 40. Rc8 Kf7 41. Rxe8 Kxe8 42. h6 Kf7 43. e8Q+ Kf6 44. g5# 1-0

[Event "AUT-ch Vor2 Internet"]
[Site "Playchess.com INT"]
[Date "2020.04.13"]
[Round "1"]
[White "Wagner, Leopold Franziskus"]
[Black "Schnider, Gert"]
[Result "0-1"]
[WhiteElo "2168"]
[BlackElo "2423"]
[PlyCount "46"]
[EventDate "2020.04.13"]
[EventType "swiss (blitz)"]
[EventRounds "9"]
[EventCountry "AUT"]
[SourceTitle "CBM 195 Extra"]
[Source "ChessBase"]
[SourceDate "2020.05.31"]
[SourceVersion "1"]
[SourceVersionDate "2020.05.31"]
[SourceQuality "1"]

1. e4 e5 2. Nf3 Nc6 3. Bb5 a6 4. Bxc6 dxc6 5. 0-0 Bg4 6. d3 Qf6 7. Nbd2 g5 8. b3 Qg7 9. Bb2 f6 10. h3 h5 11. Re1 Be6 12. d4 g4 13. Nh4 0-0-0 14. dxe5 fxe5 15. Qe2 gxh3 16. g3 Bc5 17. Kh2 Nh6 18. f3 Rhg8 19. Nf1 Be7 20. Nf5 Bxf5 21. exf5 Nxf5 22. Qxe5 Qf7 23. Qxe7 Nxe7 0-1

[Event "AUT-ch Vor1 Internet"]
[Site "Playchess.com INT"]
[Date "2020.04.11"]
[Round "8"]
[White "Schnider, Gert"]
[Black "Belke, Frank"]
[Result "1-0"]
[WhiteElo "2423"]
[BlackElo "2273"]
[PlyCount "61"]
[EventDate "2020.04.11"]
[EventType "swiss (blitz)"]
[EventRounds "9"]
[EventCountry "AUT"]
[SourceTitle "CBM 195 Extra"]
[Source "ChessBase"]
[SourceDate "2020.05.31"]
[SourceVersion "1"]
[SourceVersionDate "2020.05.31"]
[SourceQuality "1"]

1. e4 e6 2. d4 d5 3. Nc3 Bb4 4. a3 Bxc3+ 5. bxc3 dxe4 6. Qg4 Nf6 7. Qxg7 Rg8 8. Qh6 Rg6 9. Qe3 b6 10. Ne2 Bb7 11. Ng3 Nbd7 12. Be2 Qe7 13. a4 0-0-0 14. a5 Nd5 15. Qd2 f5 16. c4 N5f6 17. axb6 axb6 18. c5 Nxc5 19. Qc3 Nd5 20. Qc4 Nd7 21. Ba3 Qf6 22. c3 Nf4 23. Bd6 Nxg2+ 24. Kf1 Nc5 25. Be5 Qh4 26. Kxg2 f4 27. dxc5 e3+ 28. c6 f3+ 29. Kxf3 Rf8+ 30. Kxe3 Qh6+ 31. f4 1-0

[Event "AUT-ch Vor1 Internet"]
[Site "Playchess.com INT"]
[Date "2020.04.11"]
[Round "4"]
[White "Schnider, Gert"]
[Black "Froewis, Annika"]
[Result "1-0"]
[WhiteElo "2423"]
[BlackElo "2136"]
[PlyCount "151"]
[EventDate "2020.04.11"]
[EventType "swiss (blitz)"]
[EventRounds "9"]
[EventCountry "AUT"]
[SourceTitle "CBM 195 Extra"]
[Source "ChessBase"]
[SourceDate "2020.05.31"]
[SourceVersion "1"]
[SourceVersionDate "2020.05.31"]
[SourceQuality "1"]

1. e4 e5 2. Nf3 Nc6 3. Bb5 a6 4. Ba4 Nf6 5. 0-0 b5 6. Bb3 Bc5 7. a4 Rb8 8. c3 d6 9. d4 Bb6 10. axb5 axb5 11. Qd3 Bd7 12. Bg5 h6 13. Bh4 g5 14. Bg3 0-0 15. dxe5 dxe5 16. Nxe5 Nxe5 17. Bxe5 Ng4 18. Bg3 Qe7 19. Nd2 Rbd8 20. Rad1 Rfe8 21. Qf3 Qf6 22. h3 Qxf3 23. Nxf3 Nf6 24. e5 Nh5 25. Kh2 g4 26. hxg4 Bxg4 27. Rxd8 Rxd8 28. Rd1 Re8 29. Rd5 c6 30. Rd6 Bxf3 31. gxf3 Nxg3 32. fxg3 Rxe5 33. Rxc6 Re2+ 34. Kh3 Be3 35. Rg6+ Kf8 36. Rf6 Rxb2 37. Rxf7+ Ke8 38. Bd5 Rd2 39. Rf5 Rd3 40. Bc6+ Ke7 41. Bxb5 Rxc3 42. Kg4 Ke6 43. Be8 Bd2 44. Bf7+ Ke7 45. Bd5 Rd3 46. Be4 Rd4 47. Re5+ Kf6 48. Rb5 Bc1 49. Rb6+ Kg7 50. Rg6+ Kf7 51. Rc6 Kg7 52. Kf5 Bd2 53. Rc7+ Kf8 54. f4 Bb4 55. Rc6 Rd6 56. Rxd6 Bxd6 57. Kg6 h5 58. Kxh5 Kg7 59. Kg5 Be7+ 60. Kf5 Bd6 61. g4 Bc5 62. g5 Be3 63. Kg4 Bd2 64. f5 Bc3 65. Bd5 Be5 66. Bb3 Bc3 67. Bc2 Bd4 68. Kf3 Bb2 69. Ke4 Bc1 70. f6+ Kf7 71. Kf5 Bb2 72. g6+ Kg8 73. Bb3+ Kh8 74. g7+ Kh7 75. g8Q+ Kh6 76. Qg6# 1-0

[Event "Steyr Landesliga 1920"]
[Site "Austria"]
[Date "2019.12.07"]
[Round "6.1"]
[White "Huber, Martin Christian"]
[Black "Schnider, Gert"]
[Result "1/2-1/2"]
[WhiteElo "2338"]
[BlackElo "2426"]
[PlyCount "21"]
[EventDate "2019.09.28"]
[EventType "team-tourn"]
[EventRounds "11"]
[EventCountry "AUT"]
[SourceTitle "CBM 194 Extra"]
[Source "ChessBase"]
[SourceDate "2020.03.31"]
[SourceVersion "1"]
[SourceVersionDate "2020.03.31"]
[SourceQuality "1"]
[WhiteTeam "Graz Schachfreunde"]
[BlackTeam "Graz Schachgesellschaft"]
[WhiteTeamCountry "AUT"]
[BlackTeamCountry "AUT"]

1. c4 e6 2. Nc3 b6 3. e4 Bb7 4. d4 Bb4 5. f3 Ne7 6. Nge2 0-0 7. a3 Bxc3+ 8. Nxc3 f5 9. Be3 d6 10. Qd2 Nd7 11. 0-0-0 1/2-1/2